[Event "Charity Event for Memory Ukrainian Ches"]
[Site "Lviv"]
[Date "2024.03.15"]
[Round "2.1"]
[White "Kravtsiv, Martyn"]
[Black "Koval, Taras"]
[Result "1-0"]
[WhiteElo "2674"]
[BlackElo "1858"]
[PlyCount "48"]
[EventDate "2024.03.15"]
[EventType "swiss (rapid)"]
[EventRounds "8"]
[EventCountry "UKR"]

1. e4 c6 2. Nf3 d5 3. d3 Nf6 4. e5 Ng8 5. d4 Bg4 6. Be2 e6 7. O-O Ne7 8. Nbd2
c5 9. c3 Nbc6 10. h3 Bh5 11. dxc5 Bxf3 12. Nxf3 Ng6 13. b4 Ncxe5 14. Nd4 Be7
15. f4 Nc4 16. f5 exf5 17. Qa4+ Qd7 18. Qxd7+ Kxd7 19. Rxf5 Nce5 20. Bf3 Nxf3+
21. gxf3 f6 22. Rxd5+ Kc7 23. f4 Rae8 24. f5 Ne5 1-0

[Event "Charity Event for Memory Ukrainian Ches"]
[Site "Lviv"]
[Date "2024.03.15"]
[Round "2.2"]
[White "Sokhanskyi, Rostyslav"]
[Black "Pavlov, Sergey"]
[Result "0-1"]
[WhiteElo "1860"]
[BlackElo "2387"]
[PlyCount "92"]
[EventDate "2024.03.15"]
[EventType "swiss (rapid)"]
[EventRounds "8"]
[EventCountry "UKR"]

1. e4 Nf6 2. e5 Nd5 3. d4 d6 4. Nf3 Bg4 5. Be2 c6 6. O-O Bxf3 7. Bxf3 dxe5 8.
dxe5 e6 9. Qe2 Nd7 10. c4 Ne7 11. Bf4 Ng6 12. Bg3 Qa5 13. Re1 Bb4 14. Nc3 Bxc3
15. bxc3 O-O-O 16. Qe3 Qc5 17. Qd4 h5 18. h4 Ne7 19. Be4 Qxd4 20. cxd4 Nb6 21.
c5 Na4 22. Rad1 Nc3 23. Rd3 Nxe4 24. Rxe4 Nf5 25. Bf4 Rd5 26. Bg5 b6 27. cxb6
axb6 28. Rc3 Kb7 29. Rc4 b5 30. Rb4 Ra8 31. f3 Rxa2 32. g4 hxg4 33. fxg4 Ng3
34. Re1 Ne2+ 35. Kf1 Nxd4 36. Be3 Nc2 37. Rf4 Nxe1 38. Rxf7+ Kc8 39. Kxe1 Rxe5
40. Rf3 Re4 41. Rg3 Rb4 42. Bc1 Ra1 43. Rc3 Rxg4 44. Rxc6+ Kd7 45. Rc2 Rxc1+
46. Rxc1 Rg1+ 0-1

[Event "Charity Event for Memory Ukrainian Ches"]
[Site "Lviv"]
[Date "2024.03.15"]
[Round "2.3"]
[White "Pivnev, Vladyslav"]
[Black "Grinev, Valeriy"]
[Result "0-1"]
[WhiteElo "1856"]
[BlackElo "2332"]
[PlyCount "62"]
[EventDate "2024.03.15"]
[EventType "swiss (rapid)"]
[EventRounds "8"]
[EventCountry "UKR"]

1. d4 d5 2. c4 e6 3. Nf3 Nf6 4. Bg5 h6 5. Bh4 Bb4+ 6. Nc3 dxc4 7. Qa4+ Nc6 8.
e4 g5 9. Bg3 Nxe4 10. Rc1 Nxg3 11. hxg3 Qd5 12. Be2 b5 13. Qd1 Bb7 14. O-O Bxc3
15. bxc3 g4 16. Nh4 h5 17. f4 O-O-O 18. a4 Ne7 19. Rf2 a6 20. Bf1 Nf5 21. Nxf5
exf5 22. axb5 axb5 23. Re2 f6 24. Qc2 h4 25. gxh4 Rxh4 26. Rce1 g3 27. Re3 Rg8
28. Re8+ Rxe8 29. Rxe8+ Kd7 30. Qe2 Qf7 31. Re3 Rh1+ 0-1

[Event "Charity Event for Memory Ukrainian Ches"]
[Site "Lviv"]
[Date "2024.03.15"]
[Round "2.4"]
[White "Kislinsky, Alexey"]
[Black "Kushnir, Oleg"]
[Result "1-0"]
[WhiteElo "2314"]
[BlackElo "1855"]
[PlyCount "79"]
[EventDate "2024.03.15"]
[EventType "swiss (rapid)"]
[EventRounds "8"]
[EventCountry "UKR"]

1. e4 c6 2. d4 d5 3. exd5 cxd5 4. c4 Nf6 5. Nc3 e6 6. Nf3 Bb4 7. cxd5 Nxd5 8.
Bd2 Nc6 9. Bd3 Nb6 10. a3 Bxc3 11. bxc3 Bd7 12. O-O h6 13. Re1 O-O 14. c4 Rc8
15. Rc1 Ne7 16. Ne5 Ba4 17. Qg4 Nf5 18. d5 Qf6 19. c5 h5 20. Qb4 Nxd5 21. Qxa4
Rfd8 22. Qe4 g6 23. Nf3 Rd7 24. Bg5 Qb2 25. Ne5 Rdc7 26. Nc4 Qg7 27. Nd6 Nxd6
28. cxd6 Rxc1 29. Bxc1 Qc3 30. Bg5 Qc6 31. Qe5 Qd7 32. h4 a6 33. Bh6 f6 34. Qg3
Qh7 35. d7 Rd8 36. Rxe6 Kf7 37. Qd6 Qxh6 38. Qxd5 Kf8 39. Rxf6+ Ke7 40. Qe6#
1-0

[Event "Charity Event for Memory Ukrainian Ches"]
[Site "Lviv"]
[Date "2024.03.15"]
[Round "2.5"]
[White "Khilchuk, Ivan"]
[Black "Starozhilov, Leonid"]
[Result "1/2-1/2"]
[WhiteElo "1854"]
[BlackElo "2285"]
[PlyCount "108"]
[EventDate "2024.03.15"]
[EventType "swiss (rapid)"]
[EventRounds "8"]
[EventCountry "UKR"]

1. d4 Nf6 2. c4 g6 3. Nf3 Bg7 4. Nc3 d6 5. Bg5 O-O 6. e4 Bg4 7. Be2 Bxf3 8.
Bxf3 Nfd7 9. Qd2 Nc6 10. Ne2 Qe8 11. Bh6 e5 12. Bxg7 Kxg7 13. h4 exd4 14. h5
Qe7 15. hxg6 fxg6 16. Qh6+ Kg8 17. Nf4 Nde5 18. O-O-O Rxf4 19. Qxf4 Rf8 20. Qg3
Qf7 21. Be2 Qxf2 22. Qh3 Qe3+ 23. Qxe3 dxe3 24. Rh3 Rf2 25. Rxe3 Rxg2 26. c5
dxc5 27. Rd5 Kg7 28. Bb5 Rg1+ 29. Kd2 a6 30. Bxc6 Nc4+ 31. Kd3 Nxe3 32. Rd7+
Kf6 33. Kxe3 bxc6 34. Rxh7 Rg3+ 35. Kf4 Rg2 36. Rxc7 g5+ 37. Ke3 Rg3+ 38. Kf2
Rh3 39. Rxc6+ Ke5 40. Rxc5+ Kf4 41. Rf5+ Kg4 42. Rf6 a5 43. Rf5 a4 44. Ra5 Kf4
45. Rxa4 Rh2+ 46. Kf1 Rxb2 47. e5+ Kf3 48. Ra3+ Kf4 49. e6 Rb1+ 50. Kf2 Rb2+
51. Kf1 Rb1+ 52. Kf2 Rb2+ 53. Kf1 Rb1+ 54. Kf2 Ke5 1/2-1/2

[Event "Charity Event for Memory Ukrainian Ches"]
[Site "Lviv"]
[Date "2024.03.15"]
[Round "2.6"]
[White "Sergeev, Vladimir"]
[Black "Lemeschuk, Roman"]
[Result "1-0"]
[WhiteElo "2277"]
[BlackElo "1850"]
[PlyCount "67"]
[EventDate "2024.03.15"]
[EventType "swiss (rapid)"]
[EventRounds "8"]
[EventCountry "UKR"]

1. c4 Nf6 2. Nc3 d5 3. cxd5 Nxd5 4. g3 g6 5. Bg2 Nxc3 6. bxc3 Bg7 7. Rb1 c6 8.
Nf3 O-O 9. h4 h5 10. O-O Nd7 11. e4 Nf6 12. Qe2 Qc7 13. d4 Nxe4 14. Qxe4 Bf5
15. Qe1 Bxb1 16. Bf4 e5 17. Nxe5 Bf5 18. Nxg6 Qd7 19. Nxf8 Rxf8 20. Qe2 Bg4 21.
Qd2 Re8 22. Re1 Re6 23. Re3 b6 24. Kh2 c5 25. d5 Rxe3 26. Qxe3 Kf8 27. Be5 Bxe5
28. Qxe5 Kg8 29. d6 a6 30. Bd5 Bd1 31. Qg5+ Kf8 32. Qf6 Kg8 33. Be4 Bg4 34. Qh6
1-0

[Event "Charity Event for Memory Ukrainian Ches"]
[Site "Lviv"]
[Date "2024.03.15"]
[Round "2.7"]
[White "Stoyko, Oleh"]
[Black "Sakun, Volodymyr"]
[Result "0-1"]
[WhiteElo "1842"]
[BlackElo "2274"]
[PlyCount "100"]
[EventDate "2024.03.15"]
[EventType "swiss (rapid)"]
[EventRounds "8"]
[EventCountry "UKR"]

1. d4 d6 2. c4 Nd7 3. Nc3 e5 4. d5 Ngf6 5. e4 Nc5 6. Qc2 a5 7. Be2 g6 8. Nf3
Bg7 9. Bg5 h6 10. Be3 O-O 11. Bxc5 dxc5 12. Nxe5 Nxd5 13. Nxd5 Bxe5 14. O-O c6
15. Nc3 Qf6 16. Na4 Rb8 17. Rad1 b6 18. Rd3 g5 19. Rfd1 Bd4 20. Bf1 Re8 21. Nc3
Bg4 22. Re1 Rbd8 23. h3 Be6 24. Rf3 Qe5 25. Ne2 h5 26. Ng3 g4 27. hxg4 Bxg4 28.
Rb3 a4 29. Rd3 h4 30. Nh1 f5 31. Be2 Qxe4 32. Rd2 Qxc2 33. Rxc2 f4 34. Kf1 Bf5
35. Rd2 h3 36. g4 Bg6 37. f3 Be3 38. Rxd8 Rxd8 39. Nf2 Rd2 40. Nxh3 Rxb2 41.
Rd1 Rb1 42. Ng5 Bc2 43. Rxb1 Bxb1 44. a3 Bc1 45. Bd1 Bd3+ 46. Be2 Bc2 47. Ne6
Bxa3 48. Nxf4 Bb2 49. Bd3 Bxd3+ 50. Nxd3 a3 0-1

[Event "Charity Event for Memory Ukrainian Ches"]
[Site "Lviv"]
[Date "2024.03.15"]
[Round "2.8"]
[White "Dehtiarov, Roman"]
[Black "Romaniv, Mykola"]
[Result "1-0"]
[WhiteElo "2270"]
[BlackElo "1840"]
[PlyCount "61"]
[EventDate "2024.03.15"]
[EventType "swiss (rapid)"]
[EventRounds "8"]
[EventCountry "UKR"]

1. e4 d6 2. d4 Nf6 3. Nc3 c6 4. Be3 Qa5 5. f3 e5 6. Qd2 Be7 7. Nge2 O-O 8. g4
h6 9. h4 Ne8 10. h5 exd4 11. Nxd4 c5 12. Nf5 Bxf5 13. gxf5 Qd8 14. O-O-O a6 15.
Rg1 Kh7 16. Nd5 Nc6 17. Qg2 Bg5 18. f4 Bf6 19. e5 dxe5 20. Bxc5 Rg8 21. Bc4 b5
22. Bb3 Na5 23. Nxf6+ Qxf6 24. Qxa8 Nxb3+ 25. axb3 exf4 26. Qe4 a5 27. Bd4 Qh4
28. f6+ g6 29. hxg6+ Rxg6 30. Rxg6 fxg6 31. Qe7+ 1-0

[Event "Charity Event for Memory Ukrainian Ches"]
[Site "Lviv"]
[Date "2024.03.15"]
[Round "2.9"]
[White "Lehinovych, Maksym"]
[Black "Semenov, Dmytro"]
[Result "0-1"]
[WhiteElo "1839"]
[BlackElo "2269"]
[PlyCount "88"]
[EventDate "2024.03.15"]
[EventType "swiss (rapid)"]
[EventRounds "8"]
[EventCountry "UKR"]

1. Nf3 d5 2. g3 Nf6 3. Bg2 e6 4. d3 Be7 5. O-O O-O 6. c4 c5 7. cxd5 exd5 8. Nc3
Nc6 9. Bf4 h6 10. Rc1 Be6 11. e4 Rc8 12. Qe2 b6 13. a3 d4 14. Nb1 Qd7 15. Ne5
Nxe5 16. Bxe5 Qb5 17. Bxf6 Bxf6 18. f4 c4 19. e5 cxd3 20. Qd2 Be7 21. Be4 Bc4
22. Rfe1 f5 23. Bg2 Bb3 24. Bf1 Bc4 25. Red1 a5 26. Qf2 Bc5 27. Nd2 Bd5 28. b3
Be4 29. h3 Bxa3 30. Rb1 Bb4 31. Nc4 Qc5 32. Bxd3 Rcd8 33. Nd6 Ba8 34. Bc4+ Kh7
35. Qc2 Qc6 36. Qh2 Bxd6 37. exd6 Rxd6 38. Rd2 b5 39. Bd3 g6 40. Re1 Re6 41.
Rde2 Rfe8 42. Bxb5 Rxe2 43. Bxc6 Rxe1+ 44. Kf2 R8e2+ 0-1

[Event "Charity Event for Memory Ukrainian Ches"]
[Site "Lviv"]
[Date "2024.03.15"]
[Round "2.10"]
[White "Trushko, Andrii"]
[Black "Karpinets, Andrian"]
[Result "0-1"]
[WhiteElo "2269"]
[BlackElo "1833"]
[PlyCount "66"]
[EventDate "2024.03.15"]
[EventType "swiss (rapid)"]
[EventRounds "8"]
[EventCountry "UKR"]

1. d4 Nf6 2. Bg5 c5 3. Bxf6 exf6 4. dxc5 Bxc5 5. e3 O-O 6. c3 d5 7. Nd2 Nc6 8.
Be2 Bf5 9. Ngf3 Re8 10. O-O a5 11. Nb3 Bb6 12. a4 Rc8 13. Nbd4 Bg6 14. Nb5 Ne5
15. Qb3 Re7 16. Rad1 Rd7 17. Nxe5 fxe5 18. Bf3 Rc5 19. Rd2 Bf5 20. Rfd1 Be6 21.
Qa3 Rc8 22. b3 f5 23. h3 f4 24. exf4 e4 25. Bg4 Bxg4 26. hxg4 e3 27. Rd3 exf2+
28. Kf1 Qh4 29. Rh3 Qxg4 30. Qc1 Re8 31. Qc2 Rde7 32. Rd4 Re1+ 33. Kxf2 R8e2+
0-1

[Event "Charity Event for Memory Ukrainian Ches"]
[Site "Lviv"]
[Date "2024.03.15"]
[Round "2.11"]
[White "Masnyak, Yuriy"]
[Black "Nedilko, Vasily"]
[Result "1-0"]
[WhiteElo "1831"]
[BlackElo "2246"]
[PlyCount "41"]
[EventDate "2024.03.15"]
[EventType "swiss (rapid)"]
[EventRounds "8"]
[EventCountry "UKR"]

1. e4 c5 2. Nf3 d6 3. d4 cxd4 4. Nxd4 Nf6 5. Nc3 a6 6. Bd3 e5 7. Nde2 Be7 8.
O-O O-O 9. Ng3 Nc6 10. Nd5 Nxd5 11. exd5 Nb8 12. f4 Nd7 13. c4 g6 14. f5 Nc5
15. Bc2 Bf6 16. Bh6 Bg7 17. Bxg7 Kxg7 18. f6+ Kh8 19. Qd2 Bd7 20. b4 Na4 21.
Ne4 1-0

[Event "Charity Event for Memory Ukrainian Ches"]
[Site "Lviv"]
[Date "2024.03.15"]
[Round "2.12"]
[White "Podolskyi, Mykhailo"]
[Black "Serbin, Egor"]
[Result "1-0"]
[WhiteElo "2244"]
[BlackElo "1831"]
[PlyCount "121"]
[EventDate "2024.03.15"]
[EventType "swiss (rapid)"]
[EventRounds "8"]
[EventCountry "UKR"]

1. d4 Nf6 2. c4 g6 3. Nc3 Bg7 4. e4 d6 5. f3 O-O 6. Be3 e5 7. Nge2 exd4 8. Nxd4
Nc6 9. Qd2 Be6 10. Be2 Qe7 11. O-O Nd7 12. Rac1 Nxd4 13. Bxd4 Bxd4+ 14. Qxd4
Qf6 15. Qd2 Qg7 16. f4 f5 17. exf5 Rxf5 18. Bg4 Rf6 19. Bxe6+ Rxe6 20. Qd5 Rae8
21. Qxb7 Nc5 22. Qd5 c6 23. Qd2 Qf6 24. h3 Ne4 25. Nxe4 Rxe4 26. Rf2 Rd4 27.
Qc3 c5 28. Rcf1 Qe6 29. b3 Qf5 30. Qa5 h5 31. Qxa7 Re3 32. Qa8+ Kf7 33. Qd8 Re6
34. Qd7+ Kg8 35. Qd8+ Kf7 36. Qh8 Re8 37. Qh7+ Kf6 38. Qb7 Re7 39. Qc6 Kg7 40.
Kh2 Rd3 41. Rf3 Rd2 42. R1f2 Rd1 43. Rf1 Rd2 44. R3f2 Rd3 45. Qa8 Ree3 46. Rf3
Re7 47. Rxd3 Qxd3 48. Qf3 Re3 49. Qb7+ Kh6 50. Rf3 Qd2 51. Rxe3 Qxe3 52. Qf3
Qd2 53. a4 Qb4 54. Qe3 Qb8 55. a5 Kg7 56. a6 Qa7 57. Qc3+ Kf7 58. Qa5 Ke6 59.
Qb5 Qf7 60. g3 Qf5 61. Qe8+ 1-0

[Event "Charity Event for Memory Ukrainian Ches"]
[Site "Lviv"]
[Date "2024.03.15"]
[Round "2.13"]
[White "Chupyk, Igor"]
[Black "Mosesov, Danyil"]
[Result "0-1"]
[WhiteElo "1830"]
[BlackElo "2230"]
[PlyCount "26"]
[EventDate "2024.03.15"]
[EventType "swiss (rapid)"]
[EventRounds "8"]
[EventCountry "UKR"]

1. e4 c5 2. Nc3 e6 3. g3 d5 4. Bg2 d4 5. Nce2 d3 6. Nf4 dxc2 7. Qxc2 Nc6 8. a3
Nd4 9. Qd3 Bd7 10. Nf3 Bb5 11. Qb1 Nb3 12. Ra2 g5 13. Ne2 Bd3 0-1

[Event "Charity Event for Memory Ukrainian Ches"]
[Site "Lviv"]
[Date "2024.03.15"]
[Round "2.14"]
[White "Dubnevych, Maksym"]
[Black "Popov, Sergey A"]
[Result "1-0"]
[WhiteElo "2206"]
[BlackElo "1827"]
[PlyCount "39"]
[EventDate "2024.03.15"]
[EventType "swiss (rapid)"]
[EventRounds "8"]
[EventCountry "UKR"]

1. Nc3 Nf6 2. e4 d6 3. d4 c6 4. f4 Qa5 5. Bd2 Qc7 6. Nf3 Nbd7 7. e5 dxe5 8.
fxe5 Nd5 9. Nxd5 cxd5 10. Bd3 g6 11. Ng5 h6 12. Nxf7 Kxf7 13. e6+ Kg7 14. exd7
Bxd7 15. Qf3 Bf5 16. Bxf5 gxf5 17. Qxf5 e6 18. Qg4+ Kh7 19. O-O Bd6 20. Rf6 1-0

[Event "Charity Event for Memory Ukrainian Ches"]
[Site "Lviv"]
[Date "2024.03.15"]
[Round "2.15"]
[White "Kruchak, Lesia"]
[Black "Sydoryka, Vladyslav"]
[Result "0-1"]
[WhiteElo "1819"]
[BlackElo "2190"]
[PlyCount "86"]
[EventDate "2024.03.15"]
[EventType "swiss (rapid)"]
[EventRounds "8"]
[EventCountry "UKR"]

1. e4 c6 2. d4 d5 3. Nc3 dxe4 4. Nxe4 Bf5 5. Ng3 Bg6 6. N3e2 Nd7 7. Nf4 e5 8.
Nxg6 hxg6 9. dxe5 Nxe5 10. Qxd8+ Rxd8 11. Be2 Nf6 12. Nf3 Bb4+ 13. c3 Bd6 14.
Nxe5 Bxe5 15. h3 Nd5 16. O-O Bf4 17. Bf3 Bxc1 18. Raxc1 Nf4 19. Rfe1+ Kf8 20.
Rcd1 Rxd1 21. Rxd1 Ke7 22. Rd4 Ne6 23. Rb4 Nc5 24. Kf1 Rd8 25. Ke2 Rd7 26. g3
Nd3 27. Re4+ Kd8 28. b3 Nc1+ 29. Ke3 Rd3+ 30. Kf4 g5+ 31. Kg4 f5+ 32. Kxf5
Rxf3+ 33. Kxg5 Nd3 34. Rd4+ Ke7 35. Kg4 Ne5+ 36. Kg5 Rxf2 37. Ra4 a6 38. a3 Ke6
39. Rb4 Rf5+ 40. Kh4 b5 41. Re4 Kf6 42. g4 Rf3 43. g5+ Kf5 0-1

[Event "Charity Event for Memory Ukrainian Ches"]
[Site "Lviv"]
[Date "2024.03.15"]
[Round "2.16"]
[White "Mikhaletz, Lubomir"]
[Black "Rushynets, Ivan"]
[Result "1-0"]
[WhiteElo "2171"]
[BlackElo "1817"]
[PlyCount "85"]
[EventDate "2024.03.15"]
[EventType "swiss (rapid)"]
[EventRounds "8"]
[EventCountry "UKR"]

1. d4 c6 2. Nf3 d5 3. c4 Nf6 4. g3 Bf5 5. Qb3 Qb6 6. Nc3 Qxb3 7. axb3 e6 8. c5
Nbd7 9. b4 a6 10. b5 cxb5 11. Nxb5 O-O-O 12. Bf4 Nb8 13. Ne5 axb5 14. Nxf7 Be7
15. Ra8 Nfd7 16. e4 Bxe4 17. Bxb5 e5 18. Nxe5 g5 19. c6 gxf4 20. cxd7+ Kc7 21.
f3 Bf5 22. Nf7 Nxd7 23. Rxd8 Rxd8 24. Nxd8 Kxd8 25. g4 Bg6 26. h4 Nb6 27. Ke2
Nc4 28. b3 Nd6 29. Bd3 Bxd3+ 30. Kxd3 Bf6 31. Rc1 Kd7 32. Rc5 Bxh4 33. Rxd5 h6
34. Ra5 Kc6 35. b4 b6 36. d5+ Kb7 37. Ra1 Kc7 38. Ra7+ Kd8 39. Rh7 Bg5 40. Kd4
Nc8 41. Ke5 Ne7 42. d6 Nd5 43. Kxd5 1-0

[Event "Charity Event for Memory Ukrainian Ches"]
[Site "Lviv"]
[Date "2024.03.15"]
[Round "2.17"]
[White "Kipen, Svyatoslav"]
[Black "Alexikov, Alexander"]
[Result "0-1"]
[WhiteElo "1816"]
[BlackElo "2165"]
[PlyCount "80"]
[EventDate "2024.03.15"]
[EventType "swiss (rapid)"]
[EventRounds "8"]
[EventCountry "UKR"]

1. e4 d6 2. Nf3 Nf6 3. Nc3 g6 4. Bc4 Bg7 5. O-O O-O 6. d3 c6 7. Bg5 h6 8. Bf4
e5 9. Be3 d5 10. exd5 cxd5 11. Bc5 dxc4 12. Bxf8 Bxf8 13. Nxe5 cxd3 14. Nxd3
Nc6 15. Re1 Bf5 16. Qd2 Kg7 17. Rad1 Qd4 18. Ne2 Qd6 19. Ng3 Be6 20. Qc3 Qd4
21. Qd2 Rd8 22. h3 Nb4 23. Ne2 Qc4 24. Nc3 Bf5 25. b3 Qc8 26. Re3 Nxd3 27. cxd3
Bb4 28. Rc1 Nd5 29. d4 Nxc3 30. g4 Bxg4 31. hxg4 Qxg4+ 32. Kh1 Nd5 33. Qe2 Qh4+
34. Kg1 Nxe3 35. Qxe3 Bd6 36. Kf1 Bf4 37. Qe4 Qh3+ 38. Ke2 Bxc1 39. Qe5+ Kg8
40. Kd1 Bg5 0-1

[Event "Charity Event for Memory Ukrainian Ches"]
[Site "Lviv"]
[Date "2024.03.15"]
[Round "2.18"]
[White "Bykovskiy, Oleg"]
[Black "Katsan, Danylo"]
[Result "1-0"]
[WhiteElo "2161"]
[BlackElo "1815"]
[PlyCount "81"]
[EventDate "2024.03.15"]
[EventType "swiss (rapid)"]
[EventRounds "8"]
[EventCountry "UKR"]

1. e4 d5 2. exd5 Qxd5 3. Nc3 Qa5 4. d4 Nf6 5. Bd2 c6 6. Nf3 Bf5 7. Bc4 e6 8.
Nd5 Qd8 9. Nxf6+ gxf6 10. Qe2 Nd7 11. O-O-O Qc7 12. Nh4 Bg6 13. Nxg6 hxg6 14.
h4 O-O-O 15. c3 Nb6 16. Bb3 Bh6 17. g4 Bxd2+ 18. Qxd2 c5 19. Qe3 c4 20. Bc2 Nd5
21. Qe2 Qf4+ 22. Kb1 b5 23. h5 gxh5 24. gxh5 Rh6 25. Rdg1 Rdh8 26. Rg7 Qc7 27.
Qf3 Kb8 28. Be4 Nf4 29. Rhg1 a5 30. Bg6 Nxh5 31. Bxh5 Rxh5 32. Rg8+ Ka7 33.
Qa8+ Kb6 34. Rxh8 Rxh8 35. Qxh8 Qf4 36. Qd8+ Kc6 37. Qc8+ Kb6 38. Qc5+ Ka6 39.
a4 bxa4 40. Qc6+ Ka7 41. Rg8 1-0

[Event "Charity Event for Memory Ukrainian Ches"]
[Site "Lviv"]
[Date "2024.03.15"]
[Round "2.20"]
[White "Dovgaliuk, Oleksandr"]
[Black "Molchanov, Roman"]
[Result "1-0"]
[WhiteElo "2140"]
[BlackElo "1810"]
[PlyCount "73"]
[EventDate "2024.03.15"]
[EventType "swiss (rapid)"]
[EventRounds "8"]
[EventCountry "UKR"]

1. Nf3 Nf6 2. d4 d5 3. Bg5 Bf5 4. Nbd2 e6 5. e3 Be7 6. Ne5 Nbd7 7. Be2 Nxe5 8.
dxe5 Nd7 9. Bf4 O-O 10. O-O Nc5 11. Nf3 h6 12. Nd4 Bg6 13. Rc1 Nd7 14. Bg4 c5
15. Nxe6 fxe6 16. Bxe6+ Kh8 17. Qxd5 Nb6 18. Qxb7 Bg5 19. Bxg5 Qxg5 20. f4 Qd8
21. f5 Bh5 22. g4 Qg5 23. Qe4 Bxg4 24. Kh1 Qh5 25. Rf4 Be2 26. Rg1 Rae8 27. Qb7
Nd7 28. Bxd7 Re7 29. e6 Rxf5 30. Qa8+ Kh7 31. Rg3 Rd5 32. h4 Rd1+ 33. Kh2 Rd2
34. Qe4+ Kg8 35. Rf2 Bd3 36. Qa8+ Kh7 37. Rxd2 1-0

[Event "Charity Event for Memory Ukrainian Ches"]
[Site "Lviv"]
[Date "2024.03.15"]
[Round "2.22"]
[White "Kravchuk, Vladyslav"]
[Black "Hrabinska, Myroslava"]
[Result "0-1"]
[WhiteElo "1809"]
[BlackElo "2117"]
[PlyCount "68"]
[EventDate "2024.03.15"]
[EventType "swiss (rapid)"]
[EventRounds "8"]
[EventCountry "UKR"]

1. c4 e6 2. Nf3 d5 3. g3 Nf6 4. Bg2 c5 5. O-O Nc6 6. cxd5 exd5 7. d4 cxd4 8.
Nxd4 Bc5 9. Nb3 Be7 10. Nc3 Be6 11. Bf4 O-O 12. Rc1 Rc8 13. Nb5 a6 14. N5d4
Nxd4 15. Nxd4 Qb6 16. Nxe6 fxe6 17. Be5 Rxc1 18. Qxc1 Bc5 19. e3 Ng4 20. Qc3
Nxf2 21. Bd4 Bxd4 22. exd4 Ng4 23. Rxf8+ Kxf8 24. h3 Nf6 25. g4 h6 26. Kh1 Ke7
27. Bf3 Qc6 28. Qb4+ Kf7 29. Qd2 Qc4 30. Kg2 Qxa2 31. Be2 Qb1 32. Qc3 Qe4+ 33.
Bf3 Qf4 34. Qc7+ Qxc7 0-1

[Event "Charity Event for Memory Ukrainian Ches"]
[Site "Lviv"]
[Date "2024.03.15"]
[Round "2.23"]
[White "Mishchuk, Marian"]
[Black "Pastukhov, Igor"]
[Result "0-1"]
[WhiteElo "1806"]
[BlackElo "2105"]
[PlyCount "57"]
[EventDate "2024.03.15"]
[EventType "swiss (rapid)"]
[EventRounds "8"]
[EventCountry "UKR"]

1. e4 e5 2. Nf3 Nc6 3. d4 exd4 4. Nxd4 Bb4+ 5. Nc3 Nf6 6. Nxc6 bxc6 7. Bd3 O-O
8. O-O Re8 9. Re1 Bf8 10. Bg5 h6 11. Bh4 d6 12. h3 Rb8 13. b3 g5 14. Bg3 Nd7
15. Ne2 Bg7 16. c3 Nc5 17. Nd4 Bd7 18. Qc2 Nxd3 19. Qxd3 c5 20. Nc2 Bc6 21.
Rad1 Qf6 22. c4 Qc3 23. f3 Qxd3 24. Rxd3 a5 25. a4 Rb7 26. Kh1 Reb8 27. Ree3 f5
28. exf5 Bd7 29. Be1 0-1

[Event "Charity Event for Memory Ukrainian Ches"]
[Site "Lviv"]
[Date "2024.03.15"]
[Round "2.25"]
[White "Chub, Dmytro"]
[Black "Baziuk, Vladyslav"]
[Result "0-1"]
[WhiteElo "1804"]
[BlackElo "2064"]
[PlyCount "62"]
[EventDate "2024.03.15"]
[EventType "swiss (rapid)"]
[EventRounds "8"]
[EventCountry "UKR"]

1. b3 e5 2. Bb2 e4 3. d3 Nf6 4. c4 Bb4+ 5. Nc3 d5 6. a3 Bxc3+ 7. Bxc3 d4 8. Bb2
c5 9. g3 O-O 10. Bg2 e3 11. fxe3 Ng4 12. exd4 Ne3 13. Qd2 Nxg2+ 14. Kf2 Nh4 15.
gxh4 Qxh4+ 16. Kg2 Qg4+ 17. Kf2 Qh4+ 18. Kg2 cxd4 19. h3 b6 20. Nf3 Bb7 21.
Raf1 Re8 22. Kh2 Qh5 23. Bxd4 Nc6 24. Bc3 Ne7 25. Rhg1 Ng6 26. e4 Rad8 27. Qe3
f5 28. Rg5 Qh6 29. e5 f4 30. Qg1 Rxd3 31. Rxg6 hxg6 0-1

[Event "Charity Event for Memory Ukrainian Ches"]
[Site "Lviv"]
[Date "2024.03.15"]
[Round "2.26"]
[White "Skarbarchuk, Tetyana"]
[Black "Levytskyi, Liubomyr"]
[Result "1/2-1/2"]
[WhiteElo "2058"]
[BlackElo "1801"]
[PlyCount "187"]
[EventDate "2024.03.15"]
[EventType "swiss (rapid)"]
[EventRounds "8"]
[EventCountry "UKR"]

1. d4 Nf6 2. c4 e6 3. Nf3 b6 4. g3 Ba6 5. b3 Bb4+ 6. Bd2 Be7 7. Bg2 O-O 8. O-O
Bb7 9. Bc3 c5 10. Nbd2 cxd4 11. Bxd4 Nc6 12. Bb2 d5 13. Rc1 Rc8 14. Ne5 Nxe5
15. Bxe5 Qd7 16. cxd5 Bxd5 17. e4 Bb7 18. Qe2 Ba3 19. Rxc8 Rxc8 20. Bxf6 gxf6
21. Qg4+ Kh8 22. Nc4 Be7 23. Qh5 Kg7 24. Ne3 Qd4 25. Rd1 Qc5 26. Qg4+ Kh8 27.
h4 Rg8 28. Qf4 Rd8 29. Rxd8+ Bxd8 30. Ng4 Kg7 31. Qh6+ Kg8 32. Nxf6+ Bxf6 33.
Qxf6 Qc1+ 34. Kh2 Qd2 35. h5 h6 36. Qf4 Qxf4 37. gxf4 a5 38. e5 Ba6 39. Bf3 Bd3
40. a3 Kg7 41. Bd1 f6 42. Kg3 Kf7 43. Kf3 Ke7 44. Ke3 Bf5 45. Kd4 fxe5+ 46.
fxe5 Kd7 47. f4 Ke7 48. Be2 Bc2 49. Kc4 Kd7 50. Bd3 Bd1 51. Bg6 Be2+ 52. Kc3
Kc6 53. Kd4 Bd1 54. b4 axb4 55. axb4 Be2 56. Bf7 Kd7 57. Bg6 Bf1 58. Ke4 Bg2+
59. Kd4 Bf1 60. f5 exf5 61. Bxf5+ Ke7 62. Bg4 Bg2 63. Ke3 Bd5 64. Kf4 Bb3 65.
Bc8 Bc2 66. Bf5 Bd1 67. Bg6 Ke6 68. Bf5+ Ke7 69. Bg4 Bc2 70. Ke3 Bb3 71. Ke4
Bc2+ 72. Kd5 Ba4 73. Be2 Be8 74. Bf3 Bd7 75. Be2 Be8 76. Bg4 Bb5 77. e6 Ba4 78.
Ke5 Bc2 79. Bf5 Bd1 80. Bg6 Bg4 81. Bf7 Be2 82. Kd5 Bb5 83. Bg6 Ba4 84. Bf7 Bb5
85. Ke4 Be2 86. Ke5 Bd3 87. Bg6 Bc4 88. Bf5 Be2 89. Bg6 Bc4 90. Bf7 Bd3 91. Kd5
Bb5 92. Bg6 Ba4 93. Bh7 Bb3+ 94. Ke5 1/2-1/2

[Event "Charity Event for Memory Ukrainian Ches"]
[Site "Lviv"]
[Date "2024.03.15"]
[Round "2.27"]
[White "Adamkov, Danya"]
[Black "Gerasimenyk, Mikhail"]
[Result "0-1"]
[WhiteElo "1795"]
[BlackElo "2051"]
[PlyCount "80"]
[EventDate "2024.03.15"]
[EventType "swiss (rapid)"]
[EventRounds "8"]
[EventCountry "UKR"]

1. e4 c5 2. Nf3 d5 3. exd5 Nf6 4. c4 e6 5. dxe6 Bxe6 6. Nc3 Nc6 7. d3 Bd6 8.
Nb5 Be7 9. d4 cxd4 10. Nbxd4 Bb4+ 11. Bd2 Bxd2+ 12. Qxd2 Ne4 13. Nxe6 Nxd2 14.
Nxd8 Nxf3+ 15. gxf3 Rxd8 16. Be2 O-O 17. Rd1 Nd4 18. Bd3 Rfe8+ 19. Kd2 Nxf3+
20. Kc3 g6 21. h4 Rd4 22. h5 Rf4 23. hxg6 hxg6 24. Rh3 Kg7 25. Rdh1 Ng5 26. Rg3
Kf6 27. Rhg1 Ne4+ 28. Bxe4 Rexe4 29. b3 Rxf2 30. a3 Ke5 31. Rd3 Kf6 32. Rd7 Re7
33. Rd3 g5 34. Rd6+ Re6 35. Rd7 Rf3+ 36. Kb4 Rb6+ 37. Kc5 Rf5+ 38. Kd4 Rxb3 39.
Re1 Rf4+ 40. Kd5 Rd3+ 0-1

[Event "Charity Event for Memory Ukrainian Ches"]
[Site "Lviv"]
[Date "2024.03.15"]
[Round "3.1"]
[White "Hnatyshyn, Anastasiya"]
[Black "Kravtsiv, Martyn"]
[Result "0-1"]
[WhiteElo "2017"]
[BlackElo "2674"]
[PlyCount "70"]
[EventDate "2024.03.15"]
[EventType "swiss (rapid)"]
[EventRounds "8"]
[EventCountry "UKR"]

1. e4 e5 2. Nf3 Nc6 3. Bc4 Nf6 4. d3 Bc5 5. O-O O-O 6. c3 d5 7. exd5 Nxd5 8. d4
exd4 9. cxd4 Bb6 10. Nc3 Be6 11. Ng5 Nxd4 12. Nxe6 fxe6 13. Bxd5 exd5 14. Be3
c5 15. Qg4 Nf5 16. Bg5 Qd6 17. Rad1 d4 18. Ne4 Qg6 19. Qh3 Rae8 20. f3 h6 21.
Bc1 c4 22. Kh1 Rd8 23. Rfe1 Ba5 24. Rf1 b5 25. Bf4 Bb6 26. Rfe1 a6 27. a3 d3
28. Rf1 Bd4 29. Rb1 Ne7 30. Bd6 Rxd6 31. Nxd6 Qxd6 32. Qg4 Bf6 33. Qe4 Qd5 34.
Qg4 Rd8 35. Rfd1 Nf5 0-1